Vài nét về nhạc khí các dân tộc Lâm Đồng /

Bewaard in:
Bibliografische gegevens
Hoofdauteur: Nguyễn Thị Hoà.
Formaat: Artikel
Taal:Vietnamese
Onderwerpen:
Tags: Voeg label toe
Geen labels, Wees de eerste die dit record labelt!
Thư viện lưu trữ: Thư viện Trường Đại học Đà Lạt
LEADER 00671nam a2200253 4500
001 DLU090075185
005 ##20090609
040 # # |a DLU  |b vie 
041 # # |a vie 
044 # # |a vn 
100 # # |a Nguyễn Thị Hoà. 
245 # # |a Vài nét về nhạc khí các dân tộc Lâm Đồng /  |c Nguyễn Thị Hoà.  
653 # # |a Lâm Đồng 
653 # # |a Nhạc dân tộc 
653 # # |a Văn nghệ dân gian  
773 # # |t Tạp chí Khoa học Xã hội Việt Nam  |g Số 12, 1992. 105-111 
994 # # |a DLU 
900 # # |a True 
911 # # |a Nguyễn Thị Linh Chi 
925 # # |a G 
926 # # |a A 
927 # # |a BB 
980 # # |a Thư viện Trường Đại học Đà Lạt